| 000 | 00764nam a2200229 i 4500 | ||
|---|---|---|---|
| 001 | 93315 | ||
| 003 | ES-MaACL | ||
| 005 | 20250719065431.0 | ||
| 007 | t| | ||
| 008 | 050516s2004 sp ||||1| spa d | ||
| 020 | _a84-86307-75-9 | ||
| 080 | _a821.134.2 Brines, Francisco 1.07 | ||
| 100 | 1 |
_aPujante, David. _994328 |
|
| 245 | 1 | 0 |
_aBelleza mojada _b: la escritura poética de Francisco Brines / _cDavid Pujante. |
| 260 |
_aSevilla : _bRenacimiento, _c2004. |
||
| 300 |
_a334 p. ; _c21 cm. |
||
| 490 | 1 |
_aIluminaciones ; _v6 |
|
| 600 | 1 | 4 |
_aBrines, Francisco, _d1932-2021 - _xCrítica e interpretación _931752 |
| 830 | 0 | 0 |
_aIluminaciones _v6 _9185775 |
| 852 |
_aES-MaACL _jG-28 _bR.135969 _q. - Ded. autógr. del autor |
||
| 999 |
_c93315 _d93315 |
||